1624 1970 1680 1649 1420 1523 1210 1085 1563 1572 1245 1146 1303 1179 1610 1261 1362 1725 1168 1006 1119 1050 1658 1434 1148 1907 1943 1518 1804 1705 1440 1647 1196 1844 1746 1953 1379 1196 1137 1258 1637 1680 1219 1825 1896 1436 1496 1137 1455 1056 1832 1067 1012 1248 1894 1436 1672 1109 1314 1914 1464 1546 1433 1653 1666 1089 1719 1708 1420 1882 1462 1845 1434 1025 1889 1959 1289 1313 1189 1611 1676 1351 1858 1125 1014 1593 1325 1610 1392 1508 1575 1633 1972 1588 1913 1015 1901 1983 1425 BCNSPRNW ULIB Ver.6.0+V

เปลี่ยนเป็นภาษาไทย

Change to English
 แสดงรายละเอียดบรรณานุกรม
  กลับหน้าหลัก

Brief Record : Get Marc (ISO 2709) : E-mail record : QR code < ปิดหน้าต่าง
LEADER : 00000nam 2200000uu 4500
001    13399107667
003     ULIB
008    110114s2549th 000 0 tha d d
020    9789749986646
060  4 QS4^bศ469น
100 0  ศิริมงคล นาฏยกุล
245 10 นาฏยศิลป์ :^bหลักกายวิภาคและการเคลื่อนไหว = Dancekinesiology /^cศิริมงคล นาฏยกุล
246 31 Dance kinesiology
250    พิมพ์ครั้งที่ 1
260    กรุงเทพฯ :^bโอเดียนสโตร์,^c2549
300    122 หน้า :^bภาพประกอบ ;^c24 ซม.
650  7 การรำ^zไทย
650  7 นาฏศิลป์^zไทย
650  7 การเคลื่อนไหว
650  7 ศิลปการแสดง^zไทย
945    ^p180^l0^i021673
995    เกษร
999 ^a ใช้งานได้ทุกระบบ
รายการนี้ยังไม่มีแท็ก
คุณยังไม่ได้ล็อกอิน คุณสามารถมีกิจกรรมร่วมกับเว็บไซต์ได้ แต่ต้องล็อกอินก่อน ::
  ล็อกอิน

รายการสื่อสารสนเทศ

ลำดับที่ ประเภท เลขเรียก/บาร์โค้ด สถานที่ สถานะ
1. วิทยาศาสตร์การแพทย์ และสุขภาพ
วิทยาศาสตร์การแพทย์ และสุขภาพ
สถานะ=หนังสือเก่า
QS4 ศ469น ฉ.1 
  Barcode: 021673
ห้องสมุดวิทยาเขตสวรรค์ประชารักษ์
►ส่วนจัดเก็บหนังสือเก่า สปร
บนชั้น
  ขอยืม

รายการใกล้เคียง
    ผู้แต่ง [ศิริมงคล นาฏยกุล]

    หัวเรื่อง [การเคลื่อนไหว]

BibComment


ยังไม่เคยถูกคอมเมนท์

คอมเมนท์ทรัพยากรรายการนี้
  คอมเมนท์: นาฏยศิลป์ หลักกา..


 Copyright 2026. Bcnsprnw @Library